Geografía de las prácticas científicas : racionalidad, heurística y normatividad /

সংরক্ষণ করুন:
গ্রন্থ-পঞ্জীর বিবরন
প্রধান লেখক: Martínez, Sergio F. (autor)
বিন্যাস: গ্রন্থ
ভাষা:স্প্যানিশ
প্রকাশিত: México : UNAM, Instituto de Investigaciones Filosóficas, 2003, c2003
মালা:(Filosofía de la Ciencia UNAM)
বিষয়গুলি:
ট্যাগগুলো: ট্যাগ যুক্ত করুন
কোনো ট্যাগ নেই, প্রথমজন হিসাবে ট্যাগ করুন!

MARC

LEADER 00000nam^a2200000^a^4500
001 000163654
005 20250521000000.0
009 20260310100915.236
020 |a 970-32-0707-3 
037 |a Acervo ITESO - Biblioteca 
041 |a ESP 
082 |a 121.  |b MAR 
100 |a Martínez, Sergio F.  |e (autor) 
245 1 0 |a Geografía de las prácticas científicas :  |b racionalidad, heurística y normatividad /  |c S.F. Martínez. 
264 4 |a México :  |b UNAM, Instituto de Investigaciones Filosóficas,  |c 2003, c2003 
300 |a 206 p. 
336 |a texto  |b txt  |2 rdacontenido 
337 |a sin mediación  |b n  |2 rdamedio 
338 |a volumen  |b nc  |2 rdasoporte 
440 1 |a (Filosofía de la Ciencia UNAM) 
649 |a XX 
650 |a Ciencia -  |x Difusión 
650 |a Ciencia -  |x Prácticas Profesionales 
650 |a Epistemología 
650 |a Psicología Cognitiva 
650 |a Toma de Decisiones 
650 |a Psicología 
650 |a Matemáticas 
650 |a Racionalismo 
650 |a Heurística 
650 |a Método Experimental 
650 |a Epistemología -  |x Historia y Crítica 
650 |a Ciencia -  |x Metodología 
910 |a Fondo General 
920 |a Impresos - Libros 
930 |a Colección General 
905 |a 101 
901 |a 0500115813  |b IT1  |c ACC  |u 20250521 
902 |a https://opac.biblio.iteso.mx/vufind/Record/000163654